000 00540nam a22001817a 4500
999 _c9980
_d9980
003 AR-CdUCM
008 190329b ||||| |||| 00| 0 spa d
040 _aMUNICIPALIDAD PROVINCIAL DEL CUSCO
_cBIBLIOTECA MUNICIPAL DEL CUSCO
082 _aEP / 800 /
_bF15
100 _aFuentes, Fagnilli
_926554
245 _aLos granaderos de la libertad /
260 _aBuenos Aires ,
_bAtlanta,
_c1960.
300 _a123 páginas ;
_c17 cm.
440 _aBiblioteca Billiken
_9765
650 _aBiografía.
_922
942 _2ddc
_cLIBROS
945 _awfj